| 000 | 00621nam a22002057a 4500 | ||
|---|---|---|---|
| 999 |
_c7135 _d7135 |
||
| 003 | AR-CdUCM | ||
| 008 | 190320b ||||| |||| 00| 0 spa d | ||
| 040 |
_aMUNICIPALIDAD PROVINCIAL DEL CUSCO _cBIBLIOTECA MUNICIPAL DEL CUSCO |
||
| 082 |
_a868.6 / _bG69 |
||
| 100 |
_aGonzalez, Ángel _920113 |
||
| 245 | _aPalabra sobre palabra / | ||
| 260 |
_aBarcelona : _bBarral editores, _c1972. |
||
| 300 |
_a284 páginas ; _c19.5 cm. |
||
| 650 |
_aPoesía española _9158 |
||
| 650 |
_aPoetas españoles _92813 |
||
| 650 |
_aSiglo XX _98 |
||
| 650 |
_aAngel Gonzalez - Poemas _920114 |
||
| 942 |
_2ddc _cLIBROS |
||
| 945 | _alccs | ||